<?xml version="1.0" encoding="UTF-8"?>
<marc:record xmlns:marc="http://www.loc.gov/MARC21/slim">
   <marc:leader>00000nam a2200000 a 4500</marc:leader>
   <marc:datafield ind1="1" ind2=" " tag="100">
      <marc:subfield code="a">Loyd, Alex</marc:subfield>
      <marc:subfield code="4">aut</marc:subfield>
      <marc:subfield code="e">Verfasser/-in</marc:subfield>
   </marc:datafield>
   <marc:datafield ind1=" " ind2=" " tag="653">
      <marc:subfield code="a">Liebe</marc:subfield>
   </marc:datafield>
   <marc:datafield ind1=" " ind2=" " tag="653">
      <marc:subfield code="a">Psychotherapie</marc:subfield>
   </marc:datafield>
   <marc:datafield ind1=" " ind2=" " tag="653">
      <marc:subfield code="a">Heilen</marc:subfield>
   </marc:datafield>
   <marc:datafield ind1="0" ind2="0" tag="245">
      <marc:subfield code="a">Das Love Principle</marc:subfield>
   </marc:datafield>
   <marc:datafield ind1=" " ind2="1" tag="264">
      <marc:subfield code="b">Rowohlt Taschenbuch-Verl.</marc:subfield>
      <marc:subfield code="c">2014</marc:subfield>
   </marc:datafield>
   <marc:datafield ind1="1" ind2=" " tag="520">
      <marc:subfield code="a">Klappentext: Liebe ist die bessere Medizin! Alex Loyd, Psychologe und Arzt, hat seine Erfahrung aus 25 Jahren klinischer Praxis mit Lebensweisheit, wissenschaftlichen Erkenntnissen und erprobten therapeutischen Techniken kombiniert und daraus eine bahnbrechende Methode entwickelt, mit deren Hilfe die Leser Gesundheit, Wohlstand oder das Glück einer erfüllenden Beziehung erreichen können. Dank des «Love Principle» kann jeder herausfinden, wie man Stress dauerhaft vermeidet und was Erfolg und Glück für ihn wirklich bedeuten - und sich in nur 40 Tagen genau dieses Ziel erarbeiten. «Dr. Alex Loyd hat die ultimative Heilmethode entwickelt - sie ist revolutionär. Der einfachste Weg, gesund zu werden und es zu bleiben.» Mark Victor Hansen, Autor von «Hühnersuppe für die Seele»  Über den Autor Dr. Alexander Loyd ist Psychologe und hat mit dem von ihm entwickelten Healing Code seine Frau erfolgreiche von ihrer Depression befreit und seitdem Tausende von Patienten damit behandelt.  Dr. Ben Johnson war Direktor der Immune Recovery Clinic in Atlanta. Seit er selbst durch Loyd von einer schweren Krankheit genesen ist, hält er in der ganzen Welt Vorträge darüber und beriet auch Rhonda Byrnes für «The Secret».</marc:subfield>
   </marc:datafield>
   <marc:datafield ind1=" " ind2=" " tag="020">
      <marc:subfield code="a">9783499628795</marc:subfield>
      <marc:subfield code="9">9783499628795</marc:subfield>
   </marc:datafield>
</marc:record>
